00933cam a22002651 4500001001300000003000400013005001700017008004100034010001700075025001800092035002000110040001800130042001200148050002200160100004600182245006800228260006300296300002600359490011600385500001300501504003000514650002900544830007700573999001700650sa 68000591 DLC20260227112425.0891009s1962 ii c b 000 0 urdr  asa 68000591  aPL480:I-U-380 a(OCoLC)20459532 aDLCcWaUdDLC apremarc00aPK1979b.M33 19620 aMatīn Ḥaidarābādī,d1897?-1949.00aMatīn Ḥaidarābādī aur un kī ek ʻilmī taḥqīq. a[Hyderabad,bḤaidarābād Urdū Akāḍemī,c1962] a104 p.bport.c18 cm.1 aUrdū Akāḍemī, Hyderabad, India. Silsilah-yi mat̤būʻāt Ḥaidarābād Urdū Akāḍemī,v10 aIn Urdu. aBibliography: p. 102-103. 0aUrdu languagexAlphabet. 0aSilsilah-yi mat̤būʻāt Ḥaidarābād Urdū Akāḍemī ;v10. c77313d77313